Viralla Warren sanat - Statistics

Yleistilastot
  • Tätä visaa on pelattu 7 kertaa
  • Keskiarvotulos 63 / 151
Vastaustilastot
Säkeistöt Vastaus % Oikein
Ei
83%
ei
83%
säkeistö 2 No
67%
se
67%
sen
67%
virralla
67%
kertosäe Virralla
67%
Warren.
67%
Warren,
67%
warren.
67%
että
50%
Että
50%
ja
50%
näin
50%
niin,
50%
No
50%
Oli
50%
siitä
50%
sitten
50%
ui,
50%
säkeistö 1 Autoani
33%
elektroni
33%
en,
33%
kauas
33%
mutta
33%
Mutta
33%
saatana
33%
Sai
33%
sanoi
33%
tyhmää
33%
yritettiin,
33%
akkuni
17%
akut
17%
autoni
17%
avullapa
17%
eihän
17%
esiin
17%
hallissa
17%
hinattiin
17%
säkeistö 3 Huoltoasemalle
17%
Kaapelit
17%
kaivettiin
17%
kaksitahtinen,
17%
käyntiin
17%
kertaa
17%
kumpikin
17%
kuski
17%
lähti
17%
lapsellisesti
17%
lataamaan,
17%
lataankin,
17%
luultiin
17%
mekaanikkokin
17%
molemmat
17%
myös
17%
paskaakaan,
17%
purkaantui
17%
ruvettiin
17%
saataisiin,
17%
starttailin,
17%
syttyisi
17%
taskulamppukaan,
17%
toista
17%
tullut
17%
Tuon
17%
turhaan
17%
vittuuntui,
17%
Wartburgin,
17%
yhden
17%
yritä
17%
Ehtoja vastaavia visoja ei löytynyt
Tulosjakauma
Jokaisen tuloksen saaneiden osuus
Persentiili vastausten määrän mukaan
Tuloshistoriasi
Et ole pelannut tätä visaa